000 00671nam a22002537a 4500
003 UA-OsUOA
001 24907
007 ta
008 20040304b un ||||| |||| 00| 0 ukr d
100 _aПавлов В.Г.
090 _a343.22
_bП12
942 _cBK
040 _aUA-OsUOA
_brus
_cUA-OsUOA
_dUA-OsUOA
245 _aСубъект преступления в уголовном праве
_bИсторико-правовое исследование
300 _a118 с.
955 _a0
041 _arus
080 _a343.22
020 _a5-7978-0049-7
260 _aМосква
_bГерда
_c1999
044 _aRU
650 7 _2UDC
999 _c311193
_d311193